000 01077pam a2200277 a 4500
001 1655064
003 OSt
005 20150507121536.0
008 970922s1998 mdua b 000 0 eng
010 _a 97041214
020 _a0761809481 (pbk. : alk. paper)
040 _aDLC
_cDLC
_dDLC
050 0 0 _aBS 449
_b.L371998
082 0 0 _a418/.02
_221
100 1 _aLarson, Mildred L.
_910248
245 1 0 _aMeaning-based translation workbook :
_bBiblical exercises /
_cMildred L. Larson, with Ellis W. Deibler, Marjorie Crofts.
260 _aLanham :
_bSummer Institute of Linguistics :
_bUniversity Press of America,
_cc1998.
300 _axvi, 307 p. :
_bill. ;
_c28 cm.
504 _aIncludes bibliographical references (p. xv-xvi).
630 0 0 _aBible
_xTranslating
_xProblems, exercises, etc.
_937136
700 1 _aDeibler, Ellis.
_937137
700 1 _aCrofts, Marjorie.
_937138
906 _a7
_bcbc
_corignew
_d1
_eocip
_f19
_gy-gencatlg
942 _2lcc
_cBK
999 _c61677
_d61651